000 00620nam a2200241Ia 4500
003 OSt
005 20220918181934.0
006 a|||||r|||| 00| 0
007 ta
008 220917b |||||||| |||| 00| 0 eng d
024 _a29,460
037 _cTextual
040 _aARTS
_cARTS
_beng
041 _2eng
_aeng
082 _aO111,3N31,1, K4
100 _aRive Richard
_959502
245 0 _aEmergency
260 _aLondon
_bMacMillan UK
_c1964
300 _axxii, 233p.
_ccm.
650 _aENGLISH LITERATURE
942 _hO111,3N31,1, K4
_cTEXL
_2CC
999 _c167292
_d167292